000 00495nam a22001577a 4500
005 20260119095549.0
008 260119b |||||||| |||| 00| 0 eng d
020 _a978-9966-46-816-1
050 _aHD 31 .S24 2011
100 _aSAGIMO, PETER O.
245 _aMANAGEMENT DYNAMICS: TOWARDS EFFICIENCY, EFFECTIVENES, COMPETENCE AND PRODUCTIVITY
260 _aNAIROBI
_bEAST AFRICAN EDUCATIONA PUBLISHERS LIMITED
_c2011
300 _aXVIII,494P.
500 _aINCLUDES INDEX
942 _2lcc
_cBK
999 _c216475
_d216475